Jogász doktorok sub auspiciis Regis avatása a kolozsvári Ferenc József Tudományegyetemen 1896 és 1915 között

Between the years of 1896 and 1919 there have been 28 people that received the title of sub auspiciis Regis at the University of Ferenc József in Kolozsvár among these 19 were law students. This number accurately represents the dominance of the Faculty of law at the University since more than two th...

Teljes leírás

Elmentve itt :
Bibliográfiai részletek
Szerző: Ámán Ildikó
Testületi szerző: Jog határok nélkül (2017) (Szeged)
Dokumentumtípus: Könyv része
Megjelent: 2018
Sorozat:Szegedi Jogász Doktorandusz Konferenciák 8
Jog határok nélkül 8
Kulcsszavak:Jogtudomány - Magyarország - 1896-1915, Jogtörténet
Tárgyszavak:
Online Access:http://acta.bibl.u-szeged.hu/74973
LEADER 02172naa a2200265 i 4500
001 acta74973
005 20231205112510.0
008 220325s2018 hu o 1|| hun d
020 |a 978-963-306-640-9 
022 |a 2063-3807 
040 |a SZTE Egyetemi Kiadványok Repozitórium  |b hun 
041 |a hun 
041 |a eng 
100 1 |a Ámán Ildikó 
245 1 0 |a Jogász doktorok sub auspiciis Regis avatása a kolozsvári Ferenc József Tudományegyetemen 1896 és 1915 között  |h [elektronikus dokumentum] /  |c  Ámán Ildikó 
260 |c 2018 
300 |a 21-31 
490 0 |a Szegedi Jogász Doktorandusz Konferenciák  |v 8 
490 0 |a Jog határok nélkül  |v 8 
520 3 |a Between the years of 1896 and 1919 there have been 28 people that received the title of sub auspiciis Regis at the University of Ferenc József in Kolozsvár among these 19 were law students. This number accurately represents the dominance of the Faculty of law at the University since more than two thirds of the recipients were students of law. The ceremony was an extraordinary event for both the students and the University since not only the recipients academic achievements were on display but their instructors’ tireless work. The ceremony was attended by heads of state and churchs. A common theme in these events was that the king or his representative was present during the ceremony. To receive this title a candidate had to meet strict requirements, only the morally impeccable were considered who received the best marks throughout middle school and university and their doctoral studies. In case of a tie between more candidates the one whose father did more for the country was favoured this was open for interpolation. In my study I present the life of the sub auspiciis Regis recipients, with special attention to those who later became faculty members of the University. 
650 4 |a Társadalomtudományok 
650 4 |a Jogtudomány 
695 |a Jogtudomány - Magyarország - 1896-1915, Jogtörténet 
710 |a Jog határok nélkül (2017) (Szeged) 
856 4 0 |u http://acta.bibl.u-szeged.hu/74973/1/szegedi_jogasz_doktorandusz_konf_008_021-031.pdf  |z Dokumentum-elérés